Central Library OPAC University of Rajshahi

Philip, the king, and other poems / (Record no. 77313)

MARC details
000 -LEADER
fixed length control field 00682nam a22002411 4500
001 - CONTROL NUMBER
control field 77313
003 - CONTROL NUMBER IDENTIFIER
rucl marc code BD-RjUL
005 - DATE AND TIME OF LATEST TRANSACTION
control field 20211209082946.0
008 - FIXED-LENGTH DATA ELEMENTS--GENERAL INFORMATION
fixed length control field 200312s1923 nyu 000 0 eng
035 ## - SYSTEM CONTROL NUMBER
System control number (BD-RjUL)
040 ## - CATALOGING SOURCE
Original cataloging agency DLC
Transcribing agency DLC
Modifying agency DLC
Language of cataloging eng
041 ## - LANGUAGE CODE
Language code of text/sound track or separate title eng
082 ## - DEWEY DECIMAL CLASSIFICATION NUMBER
Classification number 821.9
Author mark and year MAP 1930
100 1# - MAIN ENTRY--PERSONAL NAME
Personal name Masefield, John,
Dates associated with a name 1878-1967.
9 (RLIN) 240830
245 10 - TITLE STATEMENT
Title Philip, the king, and other poems /
Statement of responsibility, etc. by John Masefield.
260 ## - PUBLICATION, DISTRIBUTION, ETC. (IMPRINT)
Place of publication, distribution, etc. London :
Name of publisher, distributor, etc. William Heinemann,
Date of publication, distribution, etc. 1930.
300 ## - PHYSICAL DESCRIPTION
Pagination 117 p.;
Size 18 cm.
650 ## - SUBJECT ADDED ENTRY--TOPICAL TERM
Topical term or geographic name as entry element English poetry
9 (RLIN) 240831
906 ## - LOCAL DATA ELEMENT F, LDF (RLIN)
a 7
b cbc
c orignew
d 1
e ocip
f 19
g y-gencatlg
942 ## - ADDED ENTRY ELEMENTS (KOHA)
Source of classification or shelving scheme Dewey Decimal Classification
Koha item type Books
Holdings
Lost status Source of classification or shelving scheme Damaged status Not for loan Collection code Permanent Location Current Location Shelving location Date acquired Source of acquisition Cost, normal purchase price Total Checkouts Full call number Date last seen Copy number Koha item type
  Dewey Decimal Classification     Non-fiction Central Library, University of Rajshahi Central Library, University of Rajshahi   16/11/1957 Oxford University press 4.00   821.9 MAP 1930 12/03/2020 C-2 Books